Historia de la codificación civil del Estado de Luisiana y su influencia en el Código Civil Argentino (Registro nro. 1190)

Detalles MARC
000 -LEADER
fixed length control field 01106 a2200217 4500
001 - CONTROL NUMBER
control field 24476
005 - DATE AND TIME OF LATEST TRANSACTION
control field 20260407155529.0
008 - FIXED-LENGTH DATA ELEMENTS--GENERAL INFORMATION
fixed length control field 260407a2013 arg spa d
003 - CONTROL NUMBER IDENTIFIER
control field AR-UNSa-BCEJYS
040 ## - CATALOGING SOURCE
Original cataloging agency AR-UNSa-BCEJYS
Language of cataloging spa
Transcribing agency AR-UNSa-BCEJYS
080 ## - UNIVERSAL DECIMAL CLASSIFICATION NUMBER
Universal Decimal Classification number 340.15
Common auxiliary subdivision Modelos históricos del derecho y de los sistemas jurídicos. Derecho primitivo
020 ## - INTERNATIONAL STANDARD BOOK NUMBER
International Standard Book Number 978-950-23-2173-8
100 1# - MAIN ENTRY--PERSONAL NAME
Personal name Parise, Agustín
245 10 - TITLE STATEMENT
Title Historia de la codificación civil del Estado de Luisiana y su influencia en el Código Civil Argentino
264 #1 - PRODUCTION, PUBLICATION, DISTRIBUTION, MANUFACTURE, AND COPYRIGHT NOTICE
Place of production, publication, distribution, manufacture Buenos Aires :
Name of producer, publisher, distributor, manufacturer Universidad de Buenos Aires. Facultad de Derecho. Departamento de Publicaciones
Date of production, publication, distribution, manufacture, or copyright notice 2013
300 ## - PHYSICAL DESCRIPTION
Extent 426 p.
Dimensions 23 cm.
505 ## - FORMATTED CONTENTS NOTE
Formatted contents note 1. Luisiana - 2. Difusión del texto del Código de 1825 durante el siglo XIX - 3. Impacto del Código de 1825 en el Código de 1871 - 4. Conclusiones
590 ## - LOCAL NOTE (RLIN)
Local note niveau_biblio:m niveau_hierar:0
856 41 - ELECTRONIC LOCATION AND ACCESS
Uniform Resource Identifier <a href="https://biblioeco.unsa.edu.ar/pmb/images/libros/Historia dela Codificaci?n Civil del Estado de Luisiana y su Influencia en el C?digo Civil Argentino.jpg">https://biblioeco.unsa.edu.ar/pmb/images/libros/Historia dela Codificaci?n Civil del Estado de Luisiana y su Influencia en el C?digo Civil Argentino.jpg</a>
Link text Imagen de portada
Electronic format type image/jpeg
942 ## - ADDED ENTRY ELEMENTS (KOHA)
Koha item type
Existencias
Withdrawn status Lost status Damaged status Not for loan Home library Current library Shelving location Date acquired Total checkouts Full call number Barcode Date last seen Price effective from Koha item type
        Biblioteca Prof. Eusebio Cleto del Rey Biblioteca Prof. Eusebio Cleto del Rey   07/04/2026   340.15 P232 L119589 07/04/2026 07/04/2026 Libro